000 00846naa a2200253 4500
001 179449
003 ES-MaBCM
005 20241016192436.0
008 100917s2010 esp|r0p 0 ||spa d
021 _axx
035 _a(OCoLC)820549974
040 _cES-MaBCM
100 1 _aÁlvarez Tardío, Manuel
_91422
245 1 0 _aCultura política, exclusión y violencia en el republicanismo radical-socialista en España, 1929-1933
_cManuel Álvarez Tardío
520 3 _aContiene bibliografía
650 2 7 _aDemocracia
_958263
650 2 7 _aPartido republicano
_959723
650 2 7 _aPartido radical
_959722
650 2 7 _aSocialismo
_960295
650 2 7 _aViolencia política
_960626
651 2 4 _aEspaña
_9115342
773 0 _aEn:
_tRevista de estudios políticos
_dMadrid
_gN. 148 (abr.-jun. 2010), p. 11-43
_w104532
942 _cAREV
999 _c179449
_d179449